| 000 | 02203nam0a2200361 4500 | ||
|---|---|---|---|
| 001 | RU\NLR\BIBL_A\011549350 | ||
| 005 | 20260408104940.0 | ||
| 010 |
_a9785000776469 _9100 |
||
| 021 |
_aRU _b2017-86398 _96175 |
||
| 035 | _a(RuMoRGB)009453641 | ||
| 035 | _a(NLR Aleph) 011549350 | ||
| 090 |
_a12236433 _c12236433 |
||
| 100 | _a20171207d2017 k y0rusy50 ca | ||
| 101 | 0 |
_arus _aeng |
|
| 102 | _aRU | ||
| 105 | _aa z 000zy | ||
| 200 | 1 |
_aГосударственный аудит: экономика, управление и право _eсборник статей [международной конференции "Ломоносов-2017"] _fМосковский государственный университет им. М. В. Ломоносова, Высшая школа государственного аудита _g[редакционный совет: А. А. Васильев - председатель и др.] |
|
| 210 |
_aМосква _cВысшая школа государственного аудита МГУ _d2017 |
||
| 215 |
_a280 с. _cил. _d21 |
||
| 300 | _aЧасть текста на англ. яз. | ||
| 320 | _aБиблиогр. в конце ст. | ||
| 606 | 1 |
_aАудит _jСборники _yРоссийская Федерация _92075686 _3RU\NLR\AUTH\661250767 |
|
| 686 |
_aУ9(2)218я43 _2rubbk |
||
| 686 | 1 | _aУ052.9(2)2-218я43 | |
| 686 | 1 | _aХ622.021я43 | |
| 702 | 1 |
_4340 _7ca _8rus _aВасильев _bА. А. _cканд. юрид. наук _f1977- _gАлександр Анатольевич _910785 _3RU\NLR\AUTH\7727754 |
|
| 711 | 1 | 2 |
_a"Ломоносов-2017", международная научная конференция студентов, аспирантов и молодых ученых _d24 _eМосква _9557613 _3RU\NLR\AUTH\880447019 |
| 712 | 0 | 2 |
_4475 _aМГУ им. М. В. Ломоносова _bВысшая школа государственного аудита _9375372 _3RU\NLR\AUTH\8810244770 |
| 942 | _cBOOK | ||
| 980 | _aNBR | ||